000 00331nam a2200133Ia 4500
008 240624s9999 xx 000 0 und d
041 _aeng
082 _a920 POD
100 _aPODDAR NEERAJA
245 _aBISMILLAH KHAN THE SHEHNAI MAESTRO
260 _c2004
_aNew Delhi
_bRupa and Company
300 _a64 : p.
365 _cRS
_b25
999 _c17567
_d17567